000
00364nam a2200169Ia 4500
100
_a
Horenstmann.C/ Gary Cornell
250
_a
7
490
_v
2
942
_c
BK
654
_a
core java
245
_a
Core javaTM2 Vol.2:Advanced features
260
_b
Pearson Education
_c
2005
082
_a
5.133
_b
HOR
300
_a
1022
546
_a
ENGLISH
999
_c
20165
_d
20165